Les barbares: des grandes invasions aux conquètes turques su XI siècle
Uloženo v:
| Hlavní autor: | |
|---|---|
| Médium: | Kniha |
| Jazyk: | francouzština |
| Vydáno: |
París
Presses Universitaires de France
1948
|
| Vydání: | 5a. ed |
| Edice: | Peuples et Civilisations, 5
|
| Témata: | |
| Tagy: |
Přidat tag
Žádné tagy, Buďte první, kdo vytvoří štítek k tomuto záznamu!
|
MARC
| LEADER | 00000nam a2200000 a 4500 | ||
|---|---|---|---|
| 001 | UCP9009 | ||
| 003 | CL-VaPUC | ||
| 008 | 000317e19480000FR |||||||||||||||||fre|d | ||
| 082 | 0 | 4 | |a 930 |b HAL |2 21 |
| 100 | |a Halphen, Louis |e author |9 440867 | ||
| 245 | 1 | 4 | |a Les barbares: des grandes invasions aux conquètes turques su XI siècle |
| 250 | |a 5a. ed | ||
| 300 | |a 459 p | ||
| 942 | |c BK | ||
| 945 | |d 20000317 00:00:00 |a rherrera | ||
| 260 | |a París |b Presses Universitaires de France |c 1948 | ||
| 650 | 0 | |a Historia antigua |9 267521 | |
| 650 | 0 | |a Bárbaros |9 401294 | |
| 650 | 7 | |a INVASIONES |2 CL-VaPUC |9 392362 | |
| 650 | 7 | |a GERMANOS |2 CL-VaPUC |9 322979 | |
| 650 | 7 | |a MONGOLES |2 CL-VaPUC |9 314067 | |
| 650 | 7 | |a HUNOS |2 CL-VaPUC |9 438847 | |
| 650 | 0 | |a Vándalos |9 439282 | |
| 650 | 0 | |a Anglosajones |9 439296 | |
| 650 | 7 | |a LOMBARDOS |2 CL-VaPUC |9 439297 | |
| 650 | 0 | |a Árabes |9 316264 | |
| 650 | 7 | |a ESCANDINAVOS |2 CL-VaPUC |9 439269 | |
| 650 | 7 | |a TURCOS |2 CL-VaPUC |9 320945 | |
| 650 | 0 | |a Imperio Romano |9 322785 | |
| 651 | 0 | |a Europa |9 255156 | |
| 651 | 0 | |a África |9 256790 | |
| 651 | 0 | |a Asia |9 268338 | |
| 583 | |a last modification |c 20000317 00:00:00 |k Rodrigo Vera | ||
| 490 | 0 | |a Peuples et Civilisations, 5 | |
| 999 | |c 285862 |d 285860 | ||
| 952 | |0 0 |1 0 |4 0 |6 930_000000000000000_HAL_1948 |7 0 |8 X |9 330713 |a BIBHIS |b BIBHIS |d 2019-11-20 |i 1394770 |o 930 HAL 1948 |p 1394770 |r 2024-01-30 |w 2019-11-20 |y BK_X |k HIS | ||